000 00648nam a2200253Ia 4500
003 OSt
005 20221006143629.0
006 a|||||r|||| 00| 0
007 ta
008 221006b |||||||| |||| 00| 0 eng d
020 _c265.00
024 _a9,486
037 _cTextual
040 _aEASL
_cEASL
_beng
041 _2eng
_aeng
082 _aX:75.2r, N7
100 _aPARIKH Kirit S. Ed.
245 0 _aIndia development report 1997
260 _aDelhi
_bOxford University Press
_c1997
300 _a257p.
_ccm.
490 _v Oth
942 _hX:75.2r, N7
_cTEXL
_2CC
999 _c1077572
_d1077572